Až moc blízko /
Mia je úspěšná psychoterapeutka s prosperující praxí, přesto neváhá všeho nechat, když se v telefonu ozve její dlouholetá přítelkyně Lysette a celá zoufalá ji prosí, aby hned přijela. Její kamarádka Sarah totiž spáchala sebevraždu skokem ze střechy parkovacího domu. Zůstal po ní jen mobil s neodesla...
Uloženo v:
| Hlavní autor: | |
|---|---|
| Další autoři: | |
| Médium: | E-audiokniha |
| Vydáno: |
Praha :
Albatros Media a.s.,
2017
|
| Tagy: |
Žádné tagy |
| LEADER | 02851nim a22006137i 4500 | ||
|---|---|---|---|
| 001 | 313051 | ||
| 007 | sr nunnnnnnned | ||
| 024 | |a 8594050423732 | ||
| 044 | |a xr | ||
| 100 | 1 | |a Moran, Eleanor |4 aut | |
| 245 | 1 | 0 | |a Až moc blízko / |c Moran, Eleanor |
| 240 | 1 | 0 | |a Too Close For Comfort |
| 264 | 1 | |a Praha : |b Albatros Media a.s., |c 2017 | |
| 300 | |a 1 online zdroj (13 hod., 24 min., 0 sek.) | ||
| 336 | |a mluvené slovo |b spw |2 rdacontent | ||
| 337 | |a audio |b s |2 rdamedia | ||
| 338 | |a online zdroj |b cr |2 rdacarrier | ||
| 505 | 0 | 0 | |t kapitola 1. (12 min., 26 sek.) |
| 505 | 0 | 0 | |t kapitola 2. (14 min., 7 sek.) |
| 505 | 0 | 0 | |t kapitola 3. (28 min., 0 sek.) |
| 505 | 0 | 0 | |t kapitola 4. (21 min., 16 sek.) |
| 505 | 0 | 0 | |t kapitola 5. (31 min., 53 sek.) |
| 505 | 0 | 0 | |t kapitola 6. (20 min., 55 sek.) |
| 505 | 0 | 0 | |t kapitola 7. (23 min., 15 sek.) |
| 505 | 0 | 0 | |t kapitola 8. (26 min., 21 sek.) |
| 505 | 0 | 0 | |t kapitola 9. (27 min., 26 sek.) |
| 505 | 0 | 0 | |t kapitola 10. (21 min., 54 sek.) |
| 505 | 0 | 0 | |t kapitola 11. (33 min., 22 sek.) |
| 505 | 0 | 0 | |t kapitola 12. (24 min., 28 sek.) |
| 505 | 0 | 0 | |t kapitola 13. (22 min., 40 sek.) |
| 505 | 0 | 0 | |t kapitola 14. (25 min., 11 sek.) |
| 505 | 0 | 0 | |t kapitola 15. (25 min., 50 sek.) |
| 505 | 0 | 0 | |t kapitola 16. (24 min., 37 sek.) |
| 505 | 0 | 0 | |t kapitola 17. (27 min., 2 sek.) |
| 505 | 0 | 0 | |t kapitola 18. (28 min., 35 sek.) |
| 505 | 0 | 0 | |t kapitola 19. (26 min., 58 sek.) |
| 505 | 0 | 0 | |t kapitola 20. (31 min., 12 sek.) |
| 505 | 0 | 0 | |t kapitola 21. (30 min., 11 sek.) |
| 505 | 0 | 0 | |t kapitola 22. (35 min., 28 sek.) |
| 505 | 0 | 0 | |t kapitola 23. (44 min., 6 sek.) |
| 505 | 0 | 0 | |t kapitola 24. (21 min., 13 sek.) |
| 505 | 0 | 0 | |t kapitola 25. (22 min., 29 sek.) |
| 505 | 0 | 0 | |t kapitola 26. (23 min., 45 sek.) |
| 505 | 0 | 0 | |t kapitola 27. (20 min., 58 sek.) |
| 505 | 0 | 0 | |t kapitola 28. (20 min., 41 sek.) |
| 505 | 0 | 0 | |t kapitola 29. (19 min., 3 sek.) |
| 505 | 0 | 0 | |t kapitola 30. (29 min., 46 sek.) |
| 505 | 0 | 0 | |t kapitola 31. (20 min., 19 sek.) |
| 505 | 0 | 0 | |t kapitola 32. (16 min., 48 sek.) |
| 520 | 2 | |a Mia je úspěšná psychoterapeutka s prosperující praxí, přesto neváhá všeho nechat, když se v telefonu ozve její dlouholetá přítelkyně Lysette a celá zoufalá ji prosí, aby hned přijela. Její kamarádka Sarah totiž spáchala sebevraždu skokem ze střechy parkovacího domu. Zůstal po ní jen mobil s neodeslanou zprávou LITUJI. Mia je odhodlaná zjistit, co se stalo. Jak vysokou cenu za to ale bude muset zaplatit? | |
| 700 | 1 | |a Štvrtecká, Jana |4 nrt | |
| 910 | |a RBIT002 | ||
| 998 | |d 206725 |a https://core.palmknihy.cz/api/books/206725/cover?sjba50 |b https://core.palmknihy.cz/api/books/206725/cover/400?sjba50 |c https://core.palmknihy.cz/api/books/206725/cover/50?sjba50 |e 2026-12-31 |i 8594050423732 |l 48240 |q 49 |r 1 |s https://www.palmknihy.cz/kniha/206725 |t audiobook |y 2017 |z 1 | ||
| 999 | |d 313049 | ||